[Event "HUN-chT2 Szechenyi 1819"]
[Site "Hungary"]
[Date "2019.03.31"]
[Round "8.8"]
[White "Kiss, Judit"]
[Black "Juhasz, Nagy Sandor"]
[Result "1/2-1/2"]
[WhiteElo "1989"]
[BlackElo "1837"]
[PlyCount "22"]
[EventDate "2018.10.28"]
[EventType "team-tourn"]
[EventRounds "9"]
[EventCountry "HUN"]
[SourceTitle "EXT 2021"]
[Source "ChessBase"]
[SourceDate "2020.10.23"]
[SourceVersion "1"]
[SourceVersionDate "2020.10.23"]
[SourceQuality "1"]
[WhiteTeam "Keszthely Spartacus"]
[BlackTeam "Veszprem Ezust Huszar"]
[WhiteTeamCountry "HUN"]
[BlackTeamCountry "HUN"]

1. e4 c6 2. d4 d5 3. exd5 cxd5 4. Bd3 Nc6 5. Nf3 Bg4 6. c3 a6 7. Bf4 e6 8. Nbd2 Bd6 9. Bxd6 Qxd6 10. 0-0 Nf6 11. Qa4 0-0 1/2-1/2

[Event "HUN-chT2 Szechenyi 1718"]
[Site "Hungary"]
[Date "2018.03.04"]
[Round "7.4"]
[White "Juhasz, Nagy Sandor"]
[Black "Barasits, Balint"]
[Result "0-1"]
[WhiteElo "1861"]
[BlackElo "1944"]
[PlyCount "70"]
[EventDate "2017.10.29"]
[EventType "team-tourn"]
[EventRounds "9"]
[EventCountry "HUN"]
[SourceTitle "EXT 2021"]
[Source "ChessBase"]
[SourceDate "2020.10.23"]
[SourceVersion "1"]
[SourceVersionDate "2020.10.23"]
[SourceQuality "1"]
[WhiteTeam "Veszprem Ezust Huszar"]
[BlackTeam "Arboretum"]
[WhiteTeamCountry "HUN"]
[BlackTeamCountry "HUN"]

1. d4 d5 2. Nf3 Nf6 3. Bf4 e6 4. e3 Nbd7 5. h3 c5 6. c3 a6 7. a4 b6 8. Nbd2 Bb7 9. Ne5 Be7 10. Ndf3 0-0 11. Bd3 Ne8 12. Qc2 h6 13. Nxd7 Qxd7 14. Ne5 Qd8 15. 0-0 c4 16. Be2 Bd6 17. Bf3 Bxe5 18. Bxe5 Nd6 19. Kh2 Bc6 20. g4 Ne4 21. Bg2 f6 22. Bf4 g5 23. Bg3 Kg7 24. Bxe4 dxe4 25. b3 Bd5 26. b4 Ra7 27. f3 f5 28. Be5+ Kh7 29. f4 fxg4 30. hxg4 gxf4 31. Qf2 f3 32. Qg3 Raf7 33. Rh1 Qg5 34. Qf2 Qxg4 35. Bg3 Rf5 0-1

[Event "Balaton op 34th"]
[Site "Balatonboglar"]
[Date "2016.06.18"]
[Round "5"]
[White "Juhasz, Nagy Sandor"]
[Black "Boguszlavszkij, Jevgenyij"]
[Result "0-1"]
[WhiteElo "1935"]
[BlackElo "2212"]
[PlyCount "146"]
[EventDate "2016.06.14"]
[EventType "swiss"]
[EventRounds "9"]
[EventCountry "HUN"]
[SourceTitle "CBM 173 Extra"]
[Source "ChessBase"]
[SourceDate "2016.08.29"]
[SourceVersion "1"]
[SourceVersionDate "2016.08.29"]
[SourceQuality "1"]

1. d4 Nf6 2. c4 e6 3. Nc3 d5 4. Bg5 Nbd7 5. e3 c6 6. Bd3 Qa5 7. Bxf6 Nxf6 8. Nge2 Bd6 9. 0-0 dxc4 10. Bxc4 Qg5 11. f4 Qh6 12. Rf3 g6 13. e4 Bc7 14. e5 Nd5 15. Ne4 Qf8 16. g4 Bd7 17. Bxd5 exd5 18. Nf6+ Kd8 19. f5 Qe7 20. Nf4 Bb6 21. Nxd7 Kxd7 22. Kh1 gxf5 23. gxf5 Rae8 24. Nh5 Kc8 25. Nf6 Rd8 26. Qd2 c5 27. dxc5 Bxc5 28. Rc1 Kb8 29. Nxd5 b6 30. Re1 Qb7 31. Rd1 Rhe8 32. e6 fxe6 33. fxe6 Rxe6 34. Rd3 Rf8 35. Qg2 Rg6 36. Rg3 Rd8 37. Rxg6 hxg6 38. Nc3 Re8 39. Qxb7+ Kxb7 40. Kg2 Kc6 41. Rf1 Re6 42. Rf3 b5 43. h4 Be7 44. Rf4 a5 45. Ne4 a4 46. a3 Bd8 47. Kf3 Bc7 48. Rg4 Be5 49. Nc3 Kc5 50. Ne4+ Kb6 51. Rg2 Bd4 52. Rd2 Bg7 53. Rc2 Bf8 54. Kf4 Be7 55. Ng5 Rf6+ 56. Kg4 Rc6 57. Re2 Bf6 58. Rf2 Rc4+ 59. Kh3 Bh8 60. Ne6 Re4 61. Nf8 Re3+ 62. Kg4 Rb3 63. Nxg6 Bxb2 64. h5 b4 65. axb4 a3 66. h6 a2 67. Rf1 Rxb4+ 68. Kf5 Bd4 69. Rd1 Rb1 70. Rxd4 a1Q 71. h7 Rh1 72. Rh4 Rxh4 73. Nxh4 Qg7 0-1

[Event "Balaton op 31st"]
[Site "Heviz"]
[Date "2013.09.23"]
[Round "1"]
[White "Borsos, Bogdan"]
[Black "Juhasz, Nagy Sandor"]
[Result "0-1"]
[WhiteElo "2298"]
[BlackElo "1920"]
[PlyCount "72"]
[EventDate "2013.09.23"]
[EventType "swiss"]
[EventRounds "9"]
[EventCountry "HUN"]
[SourceTitle "EXT 2014"]
[Source "ChessBase"]
[SourceDate "2013.11.20"]
[SourceVersion "1"]
[SourceVersionDate "2013.11.20"]
[SourceQuality "1"]

1. e4 c6 2. c4 d5 3. exd5 cxd5 4. cxd5 Nf6 5. Nc3 Nxd5 6. Nf3 Nc6 7. Bc4 e6 8. 0-0 Nxc3 9. bxc3 Be7 10. d4 a6 11. Bd3 0-0 12. Qe2 Bd7 13. Qe4 f5 14. Qe2 Bf6 15. Rb1 b5 16. a4 bxa4 17. Ba3 Be7 18. Bxe7 Nxe7 19. c4 Ng6 20. Qe3 Qc7 21. c5 Nf4 22. Bc4 Nd5 23. Bxd5 exd5 24. Rb6 Rae8 25. Ne5 Bb5 26. Qf3 Rxe5 27. dxe5 Qxc5 28. Rb7 Qc6 29. Ra7 Bxf1 30. Qg3 Rf7 31. e6 Qxe6 32. Qb8+ Rf8 33. Qg3 Qf6 34. Kxf1 Qa1+ 35. Ke2 Re8+ 36. Kf3 Qc3+ 0-1

[Event "Balatonalmadi Pannonia Cup 14th"]
[Site "Balatonalmadi"]
[Date "2009.07.30"]
[Round "2"]
[White "Juhasz, Nagy Sandor"]
[Black "Vargyas, Zoltan"]
[Result "0-1"]
[WhiteElo "1919"]
[BlackElo "2119"]
[PlyCount "66"]
[EventDate "2009.07.29"]
[EventType "swiss"]
[EventRounds "7"]
[EventCountry "HUN"]
[SourceTitle "EXT 2011"]
[Source "ChessBase"]
[SourceDate "2010.11.26"]
[SourceVersion "1"]
[SourceVersionDate "2010.11.26"]
[SourceQuality "1"]

1. d4 d5 2. c4 c6 3. Nc3 Nf6 4. Bf4 dxc4 5. a4 Bf5 6. e3 Qb6 7. Qd2 Ne4 8. Nxe4 Bxe4 9. Ne2 Bd3 10. Nc3 Bxf1 11. Kxf1 e6 12. f3 Na6 13. Ke2 Rd8 14. Rhd1 Be7 15. e4 0-0 16. Be3 Qb3 17. Qc1 Nb4 18. Ra3 Nd3 19. Rxb3 Nxc1+ 20. Rxc1 cxb3 21. Nb1 Bb4 22. Rc4 a5 23. Bd2 b5 24. Rxc6 bxa4 25. Rc4 Rc8 26. Kd3 Rxc4 27. Kxc4 Rc8+ 28. Kb5 Bxd2 29. Nxd2 Rc2 30. Nc4 Rxb2 31. Kxa4 Rxg2 32. Kxb3 Kf8 33. Nxa5 Rxh2 0-1

[Event "Heviz Palace op"]
[Site "Heviz"]
[Date "2008.03.24"]
[Round "5"]
[White "Juhasz, Nagy Sandor"]
[Black "Pirisi, Gabor"]
[Result "0-1"]
[WhiteElo "1938"]
[BlackElo "2242"]
[PlyCount "90"]
[EventDate "2008.03.20"]
[EventType "swiss"]
[EventRounds "9"]
[EventCountry "HUN"]
[SourceTitle "CBM 123 Extra"]
[Source "ChessBase"]
[SourceDate "2008.05.06"]
[SourceVersion "1"]
[SourceVersionDate "2008.05.06"]
[SourceQuality "1"]

1. e4 d6 2. d4 Nf6 3. Bd3 g6 4. c3 Bg7 5. f4 0-0 6. Nf3 c5 7. Qb3 b5 8. Bxb5 Nxe4 9. Qd5 Nf6 10. Qb3 Nbd7 11. Bxd7 Qxd7 12. 0-0 cxd4 13. Nxd4 Ba6 14. Re1 e5 15. Nf3 e4 16. Nd4 d5 17. Na3 Bd3 18. Nac2 Rfb8 19. Qa3 a5 20. b3 Rc8 21. Qb2 Ng4 22. Bd2 Bxc2 23. Nxc2 Qa7+ 24. Nd4 e3 25. Rxe3 Nxe3 26. Bxe3 Re8 27. Bf2 Re4 28. g3 Rc8 29. Rc1 Qd7 30. Kg2 Qg4 31. h3 Qd7 32. Qd2 Bxd4 33. cxd4 Rxc1 34. Qxc1 Re2 35. a4 Qe6 36. Qc3 Qe4+ 37. Kg1 Rc2 38. Qe1 Rb2 39. Qxe4 dxe4 40. Be1 Rxb3 41. Kf2 Rd3 42. Bxa5 Rxd4 43. Bc3 Rxa4 44. Bf6 Ra6 45. Be7 f5 0-1

[Event "Heviz Palace op"]
[Site "Heviz"]
[Date "2008.03.20"]
[Round "1"]
[White "Juhasz, Nagy Sandor"]
[Black "Takacs, Balazs"]
[Result "0-1"]
[WhiteElo "1938"]
[BlackElo "2269"]
[PlyCount "200"]
[EventDate "2008.03.20"]
[EventType "swiss"]
[EventRounds "9"]
[EventCountry "HUN"]
[SourceTitle "CBM 123 Extra"]
[Source "ChessBase"]
[SourceDate "2008.05.06"]
[SourceVersion "1"]
[SourceVersionDate "2008.05.06"]
[SourceQuality "1"]

1. e4 c5 2. Nf3 Nc6 3. Bb5 d6 4. Nc3 Bg4 5. h3 Bh5 6. Nd5 e6 7. Nf4 Bxf3 8. Qxf3 Nge7 9. 0-0 g6 10. c3 Bg7 11. d3 0-0 12. Bxc6 Nxc6 13. Ne2 b5 14. Qg3 Qd7 15. f4 f5 16. Be3 Rfe8 17. Rad1 Ne7 18. b3 Qc6 19. Qf3 a5 20. exf5 exf5 21. c4 d5 22. cxb5 Qxb5 23. d4 c4 24. Nc3 Qd7 25. Na4 Rad8 26. Nc5 Qc8 27. Bf2 cxb3 28. axb3 Nc6 29. Qd3 Qc7 30. g3 Rc8 31. Rc1 Qa7 32. Rfd1 Bf6 33. Qb5 Qe7 34. Na4 Qd6 35. Nb6 Nxd4 36. Nxc8 Nxb5 37. Nxd6 Nxd6 38. Rxd5 Ne4 39. Rxa5 Rb8 40. Rc7 Bd8 41. Raa7 Bxc7 42. Rxc7 Rxb3 43. Bd4 Nxg3 44. Be5 Nh5 45. Rc8+ Kf7 46. Rc7+ Ke6 47. Rxh7 Rxh3 48. Ra7 Kd5 49. Ra4 Rg3+ 50. Kf2 g5 51. Ra5+ Ke6 52. fxg5 Rxg5 53. Bh2 Nf6 54. Kf3 Rh5 55. Bb8 Rh3+ 56. Kg2 Rb3 57. Ra6+ Kf7 58. Be5 Ne4 59. Bf4 Nc5 60. Ra5 Ne6 61. Rxf5+ Kg6 62. Ra5 Nxf4+ 63. Kf2 Kf6 64. Ra6+ Kf5 65. Ra8 Ne6 66. Re8 Nd4 67. Rf8+ Ke4 68. Re8+ Kf4 69. Rf8+ Nf5 70. Ke2 Ke4 71. Re8+ Kd5 72. Rd8+ Nd6 73. Kf2 Ke5 74. Rh8 Ne4+ 75. Ke2 Nf6 76. Ra8 Kf4 77. Kd2 Ne4+ 78. Kc2 Rc3+ 79. Kb2 Rc7 80. Rf8+ Ke3 81. Rd8 Nc5 82. Ka3 Rb7 83. Rd1 Nd3 84. Rh1 Kd4 85. Ka4 Nc5+ 86. Ka5 Kc4 87. Rh4+ Kd5 88. Rh5+ Kd6 89. Rh6+ Ne6 90. Ka4 Kd5 91. Rh5+ Kc4 92. Ka5 Rb1 93. Ka6 Nc5+ 94. Ka7 Rb7+ 95. Ka8 Re7 96. Kb8 Kb5 97. Kc8 Kc6 98. Kb8 Na6+ 99. Ka8 Nc7+ 100. Ka7 Nb5+ 0-1

[Event "Zalakaros op 23rd"]
[Site "Zalakaros"]
[Date "2004.05.16"]
[Round "3"]
[White "Blaznik, Vojko"]
[Black "Juhasz, Nagy Sandor"]
[Result "0-1"]
[WhiteElo "1817"]
[BlackElo "1797"]
[PlyCount "94"]
[EventDate "2004.05.14"]
[EventType "swiss"]
[EventRounds "9"]
[EventCountry "HUN"]
[SourceTitle "EXT 2008"]
[Source "ChessBase"]
[SourceDate "2007.11.25"]
[SourceVersion "1"]
[SourceVersionDate "2007.11.25"]
[SourceQuality "1"]

1. e3 d5 2. d4 Nf6 3. a3 Bf5 4. c4 e6 5. Qb3 Qc8 6. Nd2 c6 7. c5 Nbd7 8. Qc3 Be7 9. Ngf3 0-0 10. h3 Ne4 11. Nxe4 Bxe4 12. Nd2 Bg6 13. Bd3 e5 14. b4 exd4 15. exd4 Re8 16. 0-0 Bf6 17. Bxg6 hxg6 18. Nf3 Qc7 19. g3 Re4 20. Kg2 Rae8 21. Be3 b6 22. Rfe1 Qb7 23. Bf4 bxc5 24. bxc5 Nf8 25. Rab1 Qd7 26. Be3 Qf5 27. Rb7 R4e7 28. Rxe7 Rxe7 29. a4 Rb7 30. a5 Rb1 31. g4 Qe4 32. Bd2 Rxe1 33. Bxe1 Ne6 34. Kg1 Bxd4 35. Qb3 Bxc5 36. Bd2 Qe2 37. Qb8+ Kh7 38. Qg3 f6 39. Kg2 g5 40. h4 Nf4+ 41. Kh1 Qf1+ 42. Ng1 Bxf2 43. Qh2 Qxg1+ 44. Qxg1 Bxg1 45. Kxg1 Nd3 46. h5 Ne5 47. a6 Nf3+ 0-1